|
|
|
|
| LEADER |
00000nab a2200000 a 4500 |
| 001 |
vtls009182822 |
| 003 |
SK-MaSNL |
| 005 |
20260304151038.0 |
| 008 |
250506c2007 xo |r|p|||||||000 b|slo |
| 015 |
|
|
|a SNBRB2008/02
|2 snkbucl
|
| 035 |
|
|
|a (uuid)5c7af07e-45e4-40ba-801a-b0b6a8dc8552
|
| 035 |
|
|
|a urn:nbn:sk:snk-abc33a
|
| 035 |
|
|
|a (urnnbn)urn:nbn:sk:snk:ar-003r69
|
| 038 |
|
|
|a SNKBUCL
|
| 040 |
|
|
|a SNKBUCL
|b slo
|c SNKBUCL
|e AACR2
|
| 041 |
0 |
|
|a slo
|
| 044 |
|
|
|a xo
|c SK
|
| 080 |
|
|
|a 13
|2 2001
|
| 080 |
|
|
|a 111
|2 2001
|
| 080 |
|
|
|a 141.32
|2 2001
|
| 100 |
1 |
|
|a Svetoň, Ľuboš,
|d 1962-
|4 aut
|9 103945
|
| 245 |
1 |
0 |
|a Prečo práve existencionalizmus-
|c Ľuboš Svetoň
|
| 500 |
|
|
|a V rubrike 3 pohľady na-
|
| 600 |
1 |
7 |
|a Michelko, Roman,
|d 1971-
|t Revoltujúci Sizyfos
|2 snkbucl
|9 1203181
|
| 773 |
0 |
|
|t Dotyky
|g Roč. XIX, č. 2 (2007), s. 26-27
|x 1210-2210
|
| 850 |
|
|
|a Slovenská národná knižnica
|
| 852 |
|
|
|a Slovenská národná knižnica
|
| 958 |
|
|
|a article15
|
| 958 |
|
|
|a OND
|
| 958 |
|
|
|a SK
|
| 958 |
|
|
|a EUIPO
|
| 999 |
|
|
|c 2941171
|d 2943101
|